مسكوكات مدينة عمان في متحف البنك الاهلي الاردني للنميات / (Record no. 33349)
[ view plain ]
| 000 -LEADER | |
|---|---|
| fixed length control field | 00827nam a22001937a 4500 |
| 003 - CONTROL NUMBER IDENTIFIER | |
| control field | JO-AjAnu |
| 005 - DATE AND TIME OF LATEST TRANSACTION | |
| control field | 20240326090228.0 |
| 008 - FIXED-LENGTH DATA ELEMENTS--GENERAL INFORMATION | |
| fixed length control field | 240325b jo ||||| |||| 00| 0 ara d |
| 040 ## - CATALOGING SOURCE | |
| Original cataloging agency | JO-AjAnu |
| Transcribing agency | JO-AjAnu |
| 041 #0 - LANGUAGE CODE | |
| Language code of text/sound track or separate title | ara |
| 050 ## - LIBRARY OF CONGRESS CALL NUMBER | |
| Classification number | CJ3891. |
| Item number | Z86 2021 |
| 100 #1 - MAIN ENTRY--PERSONAL NAME | |
| Personal name | الزيود، حسن عابد. |
| Relator term | مؤلف |
| 9 (RLIN) | 65129 |
| 245 #0 - TITLE STATEMENT | |
| Title | مسكوكات مدينة عمان في متحف البنك الاهلي الاردني للنميات / |
| Statement of responsibility, etc. | تأليف حسن عابد الزيود |
| 260 ## - PUBLICATION, DISTRIBUTION, ETC. | |
| Place of publication, distribution, etc. | عمان : |
| Name of publisher, distributor, etc. | المؤلف، |
| Date of publication, distribution, etc. | 2021 |
| 300 ## - PHYSICAL DESCRIPTION | |
| Extent | 165 صفحة |
| 500 ## - GENERAL NOTE | |
| General note | يحتوي على مراجع باللغتين العربية والانجليزية، يحتوي على صور و خرائط |
| 650 40 - SUBJECT ADDED ENTRY--TOPICAL TERM | |
| Topical term or geographic name entry element | النميات - النقود المعدنية - علم الآثار - عمان |
| 9 (RLIN) | 65130 |
| 942 ## - ADDED ENTRY ELEMENTS (KOHA) | |
| Source of classification or shelving scheme | Library of Congress Classification |
| Koha item type | Reference |
| Suppress in OPAC | No |
| Withdrawn status | Lost status | Source of classification or shelving scheme | Damaged status | Not for loan | Home library | Current library | Date acquired | Total Checkouts | Full call number | Barcode | Date last seen | Price effective from | Koha item type |
|---|---|---|---|---|---|---|---|---|---|---|---|---|---|
| Library of Congress Classification | مكتبة جامعة عجلون الوطنية | مكتبة جامعة عجلون الوطنية | 25/03/2024 | CJ3891.Z86 2021 | a29850 | 25/03/2024 | 25/03/2024 | Reference | |||||
| Library of Congress Classification | مكتبة جامعة عجلون الوطنية | مكتبة جامعة عجلون الوطنية | 25/03/2024 | CJ3891.Z86 2021 | a29851 | 25/03/2024 | 25/03/2024 | Reference |